Alla lag i fotbolls-EM 2020 - Statistics

General Stats
  • This quiz has been taken 116 times
  • The average score is 18 of 24
Answer Stats
Lag % Correct
Sverige
97%
Frankrike
94%
Danmark
93%
Spanien
92%
Portugal
90%
Italien
87%
Tyskland
87%
Polen
85%
England
83%
Finland
83%
Ryssland
82%
Belgien
79%
Nederländerna
79%
Ukraina
77%
Kroatien
75%
Slovakien
75%
Ungern
69%
Österrike
68%
Schweiz
68%
Tjeckien
68%
Skottland
55%
Wales
55%
Turkiet
54%
Nordmakedonien
44%
No matching quizzes found
Score Distribution
Percent of People with Each Score
Percentile by Number Answered
Your Score History
You have not taken this quiz